Civil Engineering Drawing (Record no. 553653)
[ view plain ]
| 000 -LEADER | |
|---|---|
| fixed length control field | 00336nam a22001217a 4500 |
| 082 ## - DEWEY DECIMAL CLASSIFICATION NUMBER | |
| Classification number | CP-25 |
| 100 ## - MAIN ENTRY--PERSONAL NAME | |
| Personal name | Muhammad Ahsan Gull |
| 9 (RLIN) | 50907 |
| 245 ## - TITLE STATEMENT | |
| Title | Civil Engineering Drawing |
| Remainder of title | Cource pack |
| Statement of responsibility, etc. | Muhammad Ahsan Gull |
| 260 ## - PUBLICATION, DISTRIBUTION, ETC. | |
| Place of publication, distribution, etc. | Risalpur, |
| Name of publisher, distributor, etc. | MCE, |
| Date of publication, distribution, etc. | 2015. |
| 500 ## - GENERAL NOTE | |
| General note | Course Pack OD/CED-84/85 |
| 526 ## - STUDY PROGRAM INFORMATION NOTE | |
| Program name | 0 |
| Interest level | 0 |
| Reading level | 0 |
| Title point value | CP_25 |
| 942 ## - ADDED ENTRY ELEMENTS (KOHA) | |
| Source of classification or shelving scheme | |
| Koha item type | Book Bank |
| Withdrawn status | Lost status | Source of classification or shelving scheme | Damaged status | Not for loan | Permanent Location | Current Location | Date acquired | Total Checkouts | Full call number | Barcode | Date last seen | Price effective from | Koha item type |
|---|---|---|---|---|---|---|---|---|---|---|---|---|---|
| Military College of Engineering (MCE) | Military College of Engineering (MCE) | 02/22/2016 | CP-25 | MCE-Cp-25 | 02/22/2016 | 02/22/2016 | Book Bank |
